Music Artists by Picture - Statistics

General Stats
  • This quiz has been taken 371 times
  • The average score is 14 of 16
Answer Stats
Picture Answer % Correct
Taylor Swift
99%
Ariana Grande
95%
Billie Eilish
95%
Drake
95%
Ed Sheeran
94%
Rihanna
93%
Beyonce
92%
The Weeknd
91%
Adele
90%
Elvis Presley
89%
Lady Gaga
83%
Olivia Rodrigo
82%
Kendrick Lamar
81%
Mariah Carrey
81%
Prince
72%
Chappel Roan
53%
No matching quizzes found
Score Distribution
Percent of People with Each Score
Percentile by Number Answered
Your Score History
You have not taken this quiz